National accounts of OECD countries 1991-2002 main aggregates

Salvato in:
Dettagli Bibliografici
Natura: Libro
Lingua:inglese
francese
Pubblicazione: Paris OECD 2004
Serie:Statistics
Soggetti:
Tags: Aggiungi Tag
Nessun Tag, puoi essere il primo ad aggiungerne!!

MARC

LEADER 00000nam a2200000 4500
001 0017753
005 20240422122222.4
020 |a 92-64-10600-6 
041 0 |a eng 
041 0 |a fre 
044 |a FR 
245 1 0 |a National accounts of OECD countries 1991-2002  |b main aggregates 
264 1 |a Paris  |b OECD  |c 2004 
300 |a 391 s. 
490 1 |a Statistics 
830 0 |a Statistics 
610 2 0 |a údaje štatistické 
610 2 0 |a účty národné 
610 2 0 |a porovnanie medzinárodné 
610 2 0 |a 1991-2002